Quick guide to the internet for psychology (Record no. 8519)
[ view plain ]
| 000 -LEADER | |
|---|---|
| fixed length control field | 00403nam a2200169Ia 4500 |
| 001 - CONTROL NUMBER | |
| control field | 7038 |
| 008 - FIXED-LENGTH DATA ELEMENTS--GENERAL INFORMATION | |
| fixed length control field | 140321s9999 xx 000 0 und d |
| 020 ## - INTERNATIONAL STANDARD BOOK NUMBER | |
| International Standard Book Number | 0-205-27781-0 |
| 040 ## - CATALOGING SOURCE | |
| Transcribing agency | PK-LaUMT |
| 082 ## - DEWEY DECIMAL CLASSIFICATION NUMBER | |
| Classification number | 004.67 |
| Item number | WHI-Q |
| 100 ## - MAIN ENTRY--PERSONAL NAME | |
| Personal name | Whitford, Fred W. |
| 245 ## - TITLE STATEMENT | |
| Title | Quick guide to the internet for psychology |
| Statement of responsibility, etc | Whitford, Fred W. |
| 260 ## - PUBLICATION, DISTRIBUTION, ETC. (IMPRINT) | |
| Date of publication, distribution, etc | 1998 |
| 300 ## - PHYSICAL DESCRIPTION | |
| Extent | 115 p. |
| 546 ## - LANGUAGE NOTE | |
| Language note | EN |
| 942 ## - ADDED ENTRY ELEMENTS (KOHA) | |
| Koha item type | Books |
| Withdrawn status | Lost status | Damaged status | Not for loan | Home library | Current library | Date acquired | Total Checkouts | Full call number | Barcode | Checked out | Date last seen | Date checked out | Price effective from | Koha item type |
|---|---|---|---|---|---|---|---|---|---|---|---|---|---|---|
| UMT Main Campus | UMT Main Campus | 2014-03-21 | 1 | 004.67 WHI-Q | 7958 | 2019-12-06 | 2019-11-22 | 2019-11-22 | 2014-03-21 | Books |
